| 000 | 00637nam a2200217 a 4500 | ||
|---|---|---|---|
| 005 | 20240528063651.0 | ||
| 008 | 140619s2006 mx r 000 0 spa d | ||
| 020 | _a9702914191 | ||
| 035 | _aUPN01000198096 | ||
| 049 | _aI | ||
| 050 | 4 |
_aQC981.3 _bO9.2 |
|
| 100 | 1 |
_aOwen, Claire _929785 |
|
| 245 | 1 | 0 |
_aClimas extremosos / _cClaire Owen ; tr. Gilda Moreno Manzur. |
| 260 |
_aMéxico : _bSantillana, _c2006. |
||
| 300 |
_a24 p. : _bil. col. |
||
| 440 | 1 | _a¡Escápate al mundo! | |
| 650 | 4 |
_aCLIMA - _vLITERATURA JUVENIL _912491 |
|
| 650 | 4 |
_aClimatología _vLiteratura infantil _911159 |
|
| 905 | _aInfantil | ||
| 999 |
_c170197 _d170197 |
||